| 000 | 00595nam a2200157 a 4500 | ||
|---|---|---|---|
| 008 | 120416s1990 ||||||||||||||||| || u | ||
| 020 | _a0889365652 | ||
| 050 | _aRG 137.4 Cho | ||
| 245 | 0 | 0 | _aChoice and challenge: global teamwork in developing a contraceptive impact |
| 260 |
_aOttawa: _bIDRC _c1990 |
||
| 300 | _ax, 73p. : ill. | ||
| 350 | _a0.00 | ||
| 650 | _aCONTRACEPTIVE DRUG IMPLANTS--RESEARCH | ||
| 650 | _aNorgestrel | ||
| 995 |
_D0.00 _FCBU-MAIN LIBRARY (Kitwe) _H1 _I9.95 _UWEEDED _VJul 26, 2017 _ZMain Library Open Access Collection |
||
| 999 |
_c37351 _d37351 |
||